| 000 | 00526nam a2200157 a 4500 | ||
|---|---|---|---|
| 001 | 000029182 | ||
| 005 | 20200930055400.0 | ||
| 008 | 110414s2006 dr a 000 0 spa d | ||
| 040 |
_aDO-SdBNP _bspa _cBNPHU |
||
| 082 |
_axxx _bR426l |
||
| 110 | 1 |
_aRepública Dominicna _bBanco Central de la República Dominicana _956101 |
|
| 245 | 1 | 0 | _aLogros de la política monetaria junio 2004-junio 2006. |
| 260 |
_aSanto Domingo : _bBanco Central de la República Dominicana, _c2006. |
||
| 300 |
_a18 cm. : _bil. ; _c22 cm. |
||
| 049 | _aBNPD | ||
| 999 |
_c28674 _d28674 |
||